| 000 | 01057nas a2200325 4500 | ||
|---|---|---|---|
| 001 | BR2021000318 | ||
| 003 | BR-BrBNA | ||
| 005 | 20231205132142.0 | ||
| 007 | ta | ||
| 008 | 230509b bl.|||p| |||| 00| 00por d | ||
| 040 |
_aBR-BrBNA _bpor _cBiblioteca Nacional de Agricultura |
||
| 041 | _a(Pt) | ||
| 072 | _aP06 | ||
| 100 | 1 | _aCunha, T.Q.G. da | |
| 100 | 1 | _aBarbosa, P.V.G. | |
| 100 | 1 | _aLima, P.A.F. | |
| 100 | 1 | _aPimentel, T.S. | |
| 100 | 1 | _aPeixoto, L.L. de S. | |
| 100 | 1 | _aSette Júnior, C.R. | |
| 245 | 1 | _aCaracterização do resíduo de mdf e seu aproveitamento na produção de pellets | |
| 650 | _aENERGIA | ||
| 650 | _aPAINEL DE MADEIRA | ||
| 650 | _aRESÍDUO | ||
| 650 | _aPELLET | ||
| 773 | 0 |
_tNativa. Pesquisas Agrárias e Ambientais (Brazil) _xISSN 2318-7670 _g(May-Jun 2018), v. 6(3) p. 300-304 _wBR2021000318 |
|
| 856 | 4 | 0 | _uhttps://periodicoscientificos.ufmt.br/ojs/index.php/nativa/article/view/5087/4657 |
| 856 | 4 | 0 | _dLink DSPACE/MAPA BR2021000318 |
| 909 |
_a202311 _bLúcia _c55 _dLúcia Elande |
||
| 942 |
_2AGRIS _n0 _cANA |
||
| 999 |
_c258771 _d258771 |
||